Shakespeare Characters from 'Romeo and Juliet' - Statistics

General Stats
  • This quiz has been taken 2,718 times
    905 since last reset
  • The average score is 11 of 18
Answer Stats
Answer % Correct
Romeo
100%
Juliet
99%
Mercutio
88%
Lord Capulet
85%
Lord Montague
82%
Lady Capulet
80%
Tybalt
78%
Lady Montague
75%
Nurse
74%
Benvolio
73%
Paris
64%
Friar Lawrence
63%
Prince Escalus
53%
Sampson
27%
Balthasar
25%
Gregory
25%
Peter
21%
Abraham
18%
No matching quizzes found
Score Distribution
Percent of People with Each Score
Percentile by Number Answered
Your Score History
You have not taken this quiz since the last reset